000 00786cam a2200289 4500500
005 20260405001101.0
041 _afre
042 _adc
100 1 0 _aDennehy, Myriam
_eauthor
245 0 0 _aQuand dire, c’est (presque) faire
260 _c2011.
500 _a92
690 _aAction
690 _aAustin
690 _aFaire
690 _aJohn Austin
690 _aJohn R. Searle
690 _aJohn Searle
690 _aLinguistique
690 _aParler
690 _aParole
690 _aPerformativité
690 _aPhilosophie du langage
690 _aVerbe
786 0 _nPhilosophie magazine | 48 | 4 | 2011-04-01 | p. 22-23 | 1951-1787
856 4 1 _uhttps://shs.cairn.info/magazine-philosophie-magazine-2011-4-page-22?lang=fr&redirect-ssocas=7080
999 _c2043912
_d2043912